<?xml version="1.0" encoding="UTF-8"?>
<record
    xmlns:xsi="http://www.w3.org/2001/XMLSchema-instance"
    xsi:schemaLocation="http://www.loc.gov/MARC21/slim http://www.loc.gov/standards/marcxml/schema/MARC21slim.xsd"
    xmlns="http://www.loc.gov/MARC21/slim">

  <leader>01702nam a2200277 a 4500</leader>
  <controlfield tag="001">83070</controlfield>
  <controlfield tag="003">BD-RjUL</controlfield>
  <controlfield tag="005">20240212162711.0</controlfield>
  <controlfield tag="008">240212s1990    bg a|||| m||| 00| 0 ben d</controlfield>
  <datafield tag="035" ind1=" " ind2=" ">
    <subfield code="a">(BD-RjUL)83070</subfield>
  </datafield>
  <datafield tag="040" ind1=" " ind2=" ">
    <subfield code="a">BD-RjUL</subfield>
    <subfield code="b">ben / eng</subfield>
    <subfield code="c">BD-RjUL</subfield>
    <subfield code="d">BD-RjUL</subfield>
  </datafield>
  <datafield tag="041" ind1=" " ind2=" ">
    <subfield code="a">ben</subfield>
  </datafield>
  <datafield tag="082" ind1=" " ind2=" ">
    <subfield code="2">23</subfield>
    <subfield code="a">923.75492</subfield>
    <subfield code="b">ALB 1990</subfield>
  </datafield>
  <datafield tag="100" ind1=" " ind2=" ">
    <subfield code="a">&#x986;&#x9B2;&#x9AE;, &#x9A4;&#x9BE;&#x9B9;&#x9AE;&#x9BF;&#x9A8;&#x9BE;</subfield>
    <subfield code="9">11695</subfield>
  </datafield>
  <datafield tag="245" ind1="1" ind2="0">
    <subfield code="a">&#x9AC;&#x9C7;&#x997;&#x9AE; &#x9B0;&#x9CB;&#x995;&#x9C7;&#x9AF;&#x9BC;&#x9BE; &#x9B8;&#x9BE;&#x996;&#x9BE;&#x993;&#x9AF;&#x9BC;&#x9BE;&#x9A4; &#x9B9;&#x9CB;&#x9B8;&#x9C7;&#x9A8; &#x99A;&#x9BF;&#x9A8;&#x9CD;&#x9A4;&#x9BE;-&#x99A;&#x9C7;&#x9A4;&#x9A8;&#x9BE;&#x9B0; &#x9A7;&#x9BE;&#x9B0;&#x9BE; &#x993; &#x9B8;&#x9AE;&#x9BE;&#x99C;&#x995;&#x9B0;&#x9CD;&#x9AE; /</subfield>
    <subfield code="c">&#x9A4;&#x9BE;&#x9B9;&#x9AE;&#x9BF;&#x9A8;&#x9BE; &#x986;&#x9B2;&#x9AE; ;</subfield>
    <subfield code="6">&#x997;&#x9AC;&#x9C7;&#x9B7;&#x9A3;&#x9BE; &#x9A4;&#x9A4;&#x9CD;&#x9A4;&#x9CD;&#x9AC;&#x9BE;&#x9AC;&#x9A7;&#x9BE;&#x9AF;&#x9BC;&#x995; : &#x9B6;&#x9BE;&#x9B9;&#x9BE;&#x9A8;&#x9BE;&#x9B0;&#x9BE; &#x9B9;&#x9CB;&#x9B8;&#x9C7;&#x9A8;</subfield>
  </datafield>
  <datafield tag="260" ind1=" " ind2=" ">
    <subfield code="a">&#x9B0;&#x9BE;&#x99C;&#x9B6;&#x9BE;&#x9B9;&#x9C0; :</subfield>
    <subfield code="b">&#x987;&#x9A4;&#x9BF;&#x9B9;&#x9BE;&#x9B8; &#x9AC;&#x9BF;&#x9AD;&#x9BE;&#x997;, &#x9B0;&#x9BE;&#x99C;&#x9B6;&#x9BE;&#x9B9;&#x9C0; &#x9AC;&#x9BF;&#x9B6;&#x9CD;&#x9AC;&#x9AC;&#x9BF;&#x9A6;&#x9CD;&#x9AF;&#x9BE;&#x9B2;&#x9AF;&#x9BC;,</subfield>
    <subfield code="c">&#x9E7;&#x9EF;&#x9EF;&#x9E6;</subfield>
  </datafield>
  <datafield tag="300" ind1=" " ind2=" ">
    <subfield code="a">[&#x99C;], &#x9E8;&#x9EA;&#x9ED; &#x9AA;&#x9BE;&#x9A4;&#x9BE; :</subfield>
    <subfield code="b">&#x99A;&#x9BF;&#x9A4;&#x9CD;&#x9B0; ;</subfield>
    <subfield code="c">&#x9E8;&#x9EF; &#x9B8;&#x9C7;&#x9AE;&#x9BF;.</subfield>
  </datafield>
  <datafield tag="502" ind1=" " ind2=" ">
    <subfield code="a">&#x9A5;&#x9BF;&#x9B8;&#x9BF;&#x9B8; (&#x98F;&#x9AE;. &#x9AB;&#x9BF;&#x9B2;.) -- &#x987;&#x9A4;&#x9BF;&#x9B9;&#x9BE;&#x9B8; &#x9AC;&#x9BF;&#x9AD;&#x9BE;&#x997;, &#x9B0;&#x9BE;&#x99C;&#x9B6;&#x9BE;&#x9B9;&#x9C0; &#x9AC;&#x9BF;&#x9B6;&#x9CD;&#x9AC;&#x9AC;&#x9BF;&#x9A6;&#x9CD;&#x9AF;&#x9BE;&#x9B2;&#x9AF;&#x9BC;, &#x9E7;&#x9EF;&#x9EF;&#x9E6;</subfield>
  </datafield>
  <datafield tag="504" ind1=" " ind2=" ">
    <subfield code="a">&#x997;&#x9CD;&#x9B0;&#x9A8;&#x9CD;&#x9A5;&#x9AA;&#x99E;&#x9CD;&#x99C;&#x9C0; : &#x9AA;&#x9BE;&#x9A4;&#x9BE; &#x9E8;&#x9E8;&#x9E7;-&#x9E8;&#x9EA;&#x9ED;</subfield>
  </datafield>
  <datafield tag="600" ind1=" " ind2=" ">
    <subfield code="a">&#x9AC;&#x9C7;&#x997;&#x9AE; &#x9B0;&#x9CB;&#x995;&#x9C7;&#x9AF;&#x9BC;&#x9BE; &#x9B8;&#x9BE;&#x996;&#x9BE;&#x993;&#x9AF;&#x9BC;&#x9BE;&#x9A4; &#x9B9;&#x9CB;&#x9B8;&#x9C7;&#x9A8;</subfield>
    <subfield code="d">&#x9E7;&#x9EE;&#x9EE;&#x9E6;-&#x9E7;&#x9EF;&#x9E9;&#x9E8;</subfield>
    <subfield code="9">11696</subfield>
  </datafield>
  <datafield tag="600" ind1=" " ind2=" ">
    <subfield code="a">Begum Rokeya Sakhawat Hossain</subfield>
    <subfield code="d">1880-1932</subfield>
    <subfield code="9">11697</subfield>
  </datafield>
  <datafield tag="650" ind1=" " ind2=" ">
    <subfield code="a">&#x99A;&#x9BF;&#x9A8;&#x9CD;&#x9A4;&#x9BE;-&#x99A;&#x9C7;&#x9A4;&#x9A8;&#x9BE;</subfield>
    <subfield code="v">&#x9B8;&#x9AE;&#x9BE;&#x99C;&#x995;&#x9B0;&#x9CD;&#x9AE;</subfield>
    <subfield code="z">&#x9AC;&#x9BE;&#x982;&#x9B2;&#x9BE;&#x9A6;&#x9C7;&#x9B6;</subfield>
    <subfield code="9">11698</subfield>
  </datafield>
  <datafield tag="650" ind1=" " ind2=" ">
    <subfield code="a">Thought</subfield>
    <subfield code="v">Social work</subfield>
    <subfield code="z">Bangladesh</subfield>
    <subfield code="9">11699</subfield>
  </datafield>
  <datafield tag="700" ind1=" " ind2=" ">
    <subfield code="a">&#x9B9;&#x9CB;&#x9B8;&#x9C7;&#x9A8;, &#x9B6;&#x9BE;&#x9B9;&#x9BE;&#x9A8;&#x9BE;&#x9B0;&#x9BE;, &#x997;&#x9AC;&#x9C7;&#x9B7;&#x9A3;&#x9BE; &#x9A4;&#x9A4;&#x9CD;&#x9A4;&#x9CD;&#x9AC;&#x9BE;&#x9AC;&#x9A7;&#x9BE;&#x9AF;&#x9BC;&#x995; </subfield>
    <subfield code="9">11700</subfield>
  </datafield>
  <datafield tag="942" ind1=" " ind2=" ">
    <subfield code="2">ddc</subfield>
    <subfield code="c">THE</subfield>
  </datafield>
  <datafield tag="999" ind1=" " ind2=" ">
    <subfield code="c">83070</subfield>
    <subfield code="d">83070</subfield>
  </datafield>
  <datafield tag="952" ind1=" " ind2=" ">
    <subfield code="1">0</subfield>
    <subfield code="2">ddc</subfield>
    <subfield code="4">0</subfield>
    <subfield code="7">1</subfield>
    <subfield code="8">THESES</subfield>
    <subfield code="a">RUCL</subfield>
    <subfield code="b">RUCL</subfield>
    <subfield code="c">Doc/The</subfield>
    <subfield code="d">1991-10-23</subfield>
    <subfield code="e">Controller of Exam. R. U.</subfield>
    <subfield code="l">0</subfield>
    <subfield code="o">BTHE 923.75492 ALB 1990</subfield>
    <subfield code="p">D1553</subfield>
    <subfield code="r">2024-02-12 00:00:00</subfield>
    <subfield code="t">C-I</subfield>
    <subfield code="y">THE</subfield>
  </datafield>
</record>
